LIBRARY ONLINE CATALOGUE

Strategies adopted by Kenyan sugar companies in response to globalization : (Record no. 15378)

MARC details
000 -LEADER
fixed length control field 00745cam a22001932 4500
001 - CONTROL NUMBER
control field 0000023441
005 - DATE AND TIME OF LATEST TRANSACTION
control field 20151217161557.0
008 - FIXED-LENGTH DATA ELEMENTS--GENERAL INFORMATION
fixed length control field 121129s xx 000 0 eng d
100 1# - MAIN ENTRY--PERSONAL NAME
Personal name Atsango, Catherine Musungu.
-- 0000182832
245 10 - TITLE STATEMENT
Title Strategies adopted by Kenyan sugar companies in response to globalization :
Remainder of title a case of mumias sugar company /
Statement of responsibility, etc. Catherine Musungu Atsango.
260 ## - PUBLICATION, DISTRIBUTION, ETC. (IMPRINT)
Place of publication, distribution, etc. Nakuru :
Name of publisher, distributor, etc. Kabarak University,
Date of publication, distribution, etc. 2012.
300 ## - PHYSICAL DESCRIPTION
Extent ix, 43 leaves +
Accompanying material 1 CD-ROM.
502 ## - DISSERTATION NOTE
Dissertation note Thesis (MBA) - Kabarak University, 2012.
650 #0 - SUBJECT ADDED ENTRY--TOPICAL TERM
Topical term or geographic name as entry element Mumias sugar company (Kenya)
Geographic subdivision Kenya.
-- 0000182833
650 #0 - SUBJECT ADDED ENTRY--TOPICAL TERM
Topical term or geographic name as entry element Sugar trade
Geographic subdivision Kenya.
-- 0000182834
908 ## - PUT COMMAND PARAMETER (RLIN)
Put command parameter 121129
950 ## - LOCAL HOLDINGS (RLIN)
-- 1
Holdings
Withdrawn status Lost status Source of classification or shelving scheme Not for loan Home library Current library Date acquired Total Checkouts Full call number Barcode Date last seen Date last checked out Price effective from Koha item type
    Library of Congress Classification   Kabarak, Main Campus Kabarak, Main Campus 17/12/2015 1 HD9017 .K43M86 2012 c.1 014153 26/01/2018 26/01/2018 17/12/2015 Thesis, Dissertation and Projecs